000
00238nam a2200085Ia 4500
008
120527s9999 xx 000 0 und d
100
_a
GIFFORD, R.C
245
_a
Agricultural engineering mechanization strategy formulation vol.1
942
_c
BK
999
_c
25125
_d
25125